Score 0/20 Timer 06:00
2 Plays Today
% Correct
Glee
96.5%
House
94.9%
Malcolm in the Middle
91.6%
American Idol
91.4%
That '70s Show
91.4%
Hell's Kitchen
83.5%
24
81.7%
Prison Break
81%
New Girl
80.7%
Bones
80.6%
% Correct
The X-Files
79.6%
Are You Smarter Than a 5th Grader?
78.5%
Beverly Hills, 90210
76.9%
The X Factor
73.2%
Married... with Children
73%
Arrested Development
70.4%
The Mindy Project
69.7%
The Bernie Mac Show
60.7%
21 Jump Street
59.2%
The O.C.
57.6%
Come Together.
Have Fun.
All Virtual.
We all need to come together. Play Sporcle's virtual live trivia to have fun, connect with people, and get your trivia on. Join a live hosted trivia game for your favorite pub trivia experience done virtually. If a virtual private party is more your thing, go here for details.

You're not logged in!

Compare scores with friends on all Sporcle quizzes.
OR
Log In

Sporcle TV

Today on Sporcle TV


Watch our educational content, quiz creation guides, and fun videos on Sporcle TV.

Show Comments

Extras

Top Quizzes Today


Score Distribution

Paid Content

Your Account Isn't Verified!

In order to create a playlist on Sporcle, you need to verify the email address you used during registration. Go to your Sporcle Settings to finish the process.

Report this User

Report this user for behavior that violates our Community Guidelines.

Details: